Pays qui commencent par la lettre E - Statistiques

Statistiques générales
  • Ce quiz a été pris 1 365 fois
  • Le résultat moyen est 7 sur 9
Statistiques - réponses
Continent Pays % Correct
Europe Espagne
94%
Europe Estonie
93%
Amérique Equateur
87%
Afrique Ethiopie
87%
Afrique Erythrée
85%
Amérique Etats-Unis
80%
Afrique Egypte
78%
Afrique Eswatini
72%
Asie Emirats arabes unis
70%
Aucun quiz correspondant
Distribution des résultats
% des personnes avec chaque résultat
Percentile par nombre de réponses
Votre historique - résultats
Vous n’avez pas pris ce quiz